Największe miasta Brazylii - Statystyki

Ogólne statystyki
  • Ten quiz został rozwiązany 58 razy
  • Średni wynik to 7 z 10
Statystyki odpowiedzi
Hint Odpowiedź % Poprawnych
2 476 249 Brasilia
94%
11 125 243 Sao Paulo
94%
6 323 037 Rio de Janeiro
93%
2 375 444 Belo Horizonte
67%
1 793 416 Manaus
63%
1 409 939 Porto Alegre
63%
1 746 896 Kurytyba
61%
2 675 875 Salvador
61%
2 447 409 Fortaleza
50%
1 536 934 Recife
46%
Nie znaleziono quizów pasujących do podanych kryteriów
Rozkład punktacji
Procent ludzi z każdym wynikiem
Percentyl według liczby udzielonych odpowiedzi
Twoja historia wyników
Nie rozwiązałeś tego quizu